书目信息 |
| 题名: |
音乐美学
|
|
| 作者: | ;唐山师范学院音乐系 编 | |
| 分册: | 下 | |
| 出版信息: | 不详 不详 不详 |
|
| 页数: | 111~221页 | |
| 开本: | 26cm | |
| 丛书名: | ||
| 单 册: | ||
| 中图分类: | J601 | |
| 科图分类: | ||
| 主题词: | 音乐--艺术理论 , 音乐学 , 音乐社会学 | |
| 电子资源: | ||
| ISBN: | ||
| 000 | 00603nam0 2200205 450 | |
| 001 | 0656081172 | |
| 005 | 20070627151131.14 | |
| 010 | @d不详 | |
| 100 | @a20060314d km y0chiy0120 ea | |
| 101 | 0 | @achi |
| 200 | 1 | @a音乐美学@Ayin yue mei xue@h下@f唐山师范学院音乐系编@Ftang shan shi fan xue yuan yin yue xi bian |
| 210 | @a不详@c不详@d不详 | |
| 215 | @a111~221页@d26cm | |
| 606 | 0 | @a音乐@x艺术理论 |
| 606 | 0 | @a音乐学 |
| 606 | 0 | @a音乐社会学 |
| 690 | @aJ601@v4 | |
| 711 | 0 | @a唐山师范学院音乐系@Atang shan shi fan xue yuan yin yue xi@4编 |
| 801 | 0 | @aCN@bPFT@c20070627 |
| 905 | @a10447@dJ601@e316:2 | |
| 音乐美学.下/唐山师范学院音乐系编.-不详:不详,不详 |
| 111~221页;26cm |
| ISBN :不详 |
| ● |
| 相关链接 |
|
|
|
|
正题名:音乐美学
索取号:J601/316:2
 
预约/预借
| 序号 | 登录号 | 条形码 | 馆藏地/架位号 | 状态 | 备注 |
| 1 | 0339993 | 203399937 | 第一样本阅览室/ [索取号:J601/316:2] | 在馆 | |
| 2 | 0339994 | 203399946 | 第一借阅区/ [索取号:J601/316:2] | 在馆 | |
| 3 | 0339995 | 203399955 | 第一借阅区/ [索取号:J601/316:2] | 在馆 | |
| 4 | 0339996 | 203399964 | 第一借阅区/ [索取号:J601/316:2] | 在馆 | |
| 5 | 0339997 | 203399973 | 第一借阅区/ [索取号:J601/316:2] | 在馆 | |
| 6 | 0681370 | 206813705 | 库房3/ [索取号:J601/316:2] | 在馆 | |
| 7 | 0681371 | 206813714 | 库房3/ [索取号:J601/316:2] | 在馆 | |
| 8 | 0681372 | 206813723 | 库房3/ [索取号:J601/316:2] | 在馆 | |
| 9 | 0681373 | 206813732 | 库房3/ [索取号:J601/316:2] | 在馆 | |
| 10 | 0681374 | 206813741 | 库房3/ [索取号:J601/316:2] | 在馆 | |
| 11 | 0681375 | 206813750 | 库房3/ [索取号:J601/316:2] | 在馆 | |
| 12 | 0681376 | 206813769 | 库房3/ [索取号:J601/316:2] | 在馆 | |
| 13 | 0681377 | 206813778 | 库房3/ [索取号:J601/316:2] | 在馆 | |
| 14 | 0681378 | 206813787 | 库房3/ [索取号:J601/316:2] | 在馆 | |
| 15 | 0681379 | 206813796 | 库房3/ [索取号:J601/316:2] | 在馆 | |
| 16 | 0681380 | 206813803 | 库房3/ [索取号:J601/316:2] | 在馆 | |
| 17 | 0681381 | 206813812 | 库房3/ [索取号:J601/316:2] | 在馆 | |
| 18 | 0681382 | 206813821 | 库房3/ [索取号:J601/316:2] | 在馆 | |
| 19 | 0681383 | 206813830 | 库房3/ [索取号:J601/316:2] | 在馆 | |
| 20 | 0681384 | 206813849 | 库房3/ [索取号:J601/316:2] | 在馆 | |
| 21 | 0681385 | 206813858 | 库房3/ [索取号:J601/316:2] | 在馆 | |
| 22 | 0681386 | 206813867 | 库房3/ [索取号:J601/316:2] | 在馆 | |
| 23 | 0688056 | 206880561 | 库房3/ [索取号:J601/316:2] | 在馆 | |
| 24 | 0688057 | 206880570 | 库房3/ [索取号:J601/316:2] | 在馆 | |
| 25 | 0688058 | 206880589 | 库房3/ [索取号:J601/316:2] | 在馆 | |
| 26 | 0688059 | 206880598 | 库房3/ [索取号:J601/316:2] | 在馆 | |
| 27 | 0688060 | 206880605 | 库房3/ [索取号:J601/316:2] | 在馆 | |
| 28 | 0688061 | 206880614 | 库房3/ [索取号:J601/316:2] | 在馆 | |
| 29 | 0688062 | 206880623 | 库房3/ [索取号:J601/316:2] | 在馆 | |
| 30 | 0688063 | 206880632 | 库房3/ [索取号:J601/316:2] | 在馆 | |
| 31 | 0688064 | 206880641 | 库房3/ [索取号:J601/316:2] | 在馆 |